000 00324nam a22001337a 4500
008 181102b xxu||||| |||| 00| 0 eng d
020 _a0806504080
041 _aeng
080 _a616-053.2
100 _a8
101 _aPED
245 _aAutistic Children A Guide for Parents and Professionals
_cWing,L
942 _2udc
_cBK
999 _c51621
_d51621